Estadísticas para 15 principales países con muertes de Covid-19 - 21 feb 2021

Haz click aquí para intentar la prueba.

Estadísticas generales

  • Esta prueba ha sido intentada 3 veces
  • La puntuación promedio es 16 de 24

Estadísticas de respuestas

país% Correcto
Brasil
100%
España
100%
India
100%
Irán
100%
Italia
100%
Rusia
100%
Argentina
67%
Bélgica
67%
Bosnia y Herzegovina
67%
Colombia
67%
Estados Unidos
67%
Francia
67%
México
67%
Perú
67%
Portugal
67%
Reino Unido
67%
Sudáfrica
67%
Alemania
33%
Bulgaria
33%
Chequia
33%
Croacia
33%
Eslovenia
33%
Hungría
33%
Macedonia del Norte
33%

Distribución de puntuación

Porcentaje por número respondido

Porcentaje de gente con cada puntuación

Historial de tus puntuaciones

No has intentado esta prueba.